02144naa a22002891i 45000010005000000030009000050050017000140080041000310400021000720410013000930800014001060800015001200800010001351000150001452450189002952460133004845000021006175200838006386500023014766500022014996500015015217000151015367730109016879420013017969990015018099520030018243097KOSZ 00520180412110408.0150211s2004 pl | f |000 ||eng d cBPKdKOSZ 005/ac aengbpol a624.012.4 a666.97/.98 a678.71 aGŁODKOWSKA, Wiesława.d1996 - .bPolitechnika Koszalińska - Wydział Budownictwa i Inżynierii Środowiska,cKatedra Konstrukcji Betonowych10aEstimation of compatibility of polymer and polymer-cement composites with ordinary concrete under short-time load conditions /cL. Czarnecki, Wiesława Głodkowska, Zdzisław Piątek.31aOcena współpracy kompozytów polimerowych i cementowo-polimerowych z betonem zwykłym w warunkach obciążeń doraźnych aDane z autopsji. aW wyniku napraw betonu powstają złożone układy dwukomponentowe: beton naprawiany - materiał naprawczy. Wymaganiem dobrej współpracy jest kompatybilność takich układów. Biorąc pod uwagę cechy techniczne handlowo dostępnych zapraw naprawczych, polimerowych i cementowo-polimerowych, zakwalifikowano odpowiednie układy, jako kompatybilne bądź niekompatybilne. Przeprowadzono weryfikację doświadczalną modelu dobrej współpracy, posługując się metodyką badawczą według RILEM. We wszystkich przypadkach oceny stanu kompatybilności, określone metodą obliczeniową i laboratoryjną, były zgodne. Na podstawie przeprowadzonych badań doświadczalnych i obliczeń analitycznych sformułowano wnioski dotyczące dalszych kierunków badań nad doborem materiałów do napraw betonu. 0aZaprawy budowlane. 0aBeton polimerowy. 0aKompozyty.1 aPIĄTEK, Zdzisław.d1996 - 2007.bPolitechnika Koszalińska - Wydział Budownictwa i Inżynierii Środowiska,cKatedra Konstrukcji Betonowych0 iW :tArchives of Civil Engineering = Archiwum Inżynierii Lądowej. -g2004, Vol. 50, nr 1, s. 133-150 cART2UKD c3097d3097 00104070aBPKbBPKyART